Rental analysis

Bibliographic Details
Main Author: Mohd Nawawi B. Haji Arshad
Format: Book
Published: 1981
Subjects:

MARC

LEADER 00000cam a2200000 7i4500
001 0000016732
005 20060613.0
040 |a INS 
090 0 0 |a KK264 A 
100 1 |a Mohd Nawawi B. Haji Arshad 
245 1 0 |a Rental analysis   |c Mohd Nawawi B. Haji Arshad 
260 |a 1981 
300 |a 22ms ;   |c 30cm. 
500 |a Kursus Penilaian Dan Perkadaran pada 16hb- 21hb November 1981 
650 0 0 |a Ratio analysis 
650 0 0 |a Rent 
999 |a KK00000604   |b BOOK   |c Open Shelf   |e Default branch 
999 |a KK00000605   |b BOOK   |c Open Shelf   |e Default branch 
999 |a KK00000606   |b BOOK   |c Open Shelf   |e Default branch 
999 |a KK00000607   |b BOOK   |c Open Shelf   |e Default branch